On This Day: May 4th Quiz Stats

 Plays Quiz Updated May 4, 2017

Support Sporcle.
Go Orange.
Score 0/7 Timer 03:00
4 Plays Today
Question Answer Wrong Answers
This woman becomes the first female Prime Minister of the United Kingdom.
1979
Margaret Thatcher
92.6%
Theresa May
2.7%
Julia Gillard
0.6%
Jenny Shipley
0.6%
This American author wins a Pulitzer Prize for 'The Old Man and the Sea'
1953
Ernest Hemingway
88.1%
George Orwell
2.2%
F. Scott Fitzgerald
4.1%
Mark Twain
2.8%
The United States begins construction on this engineering wonder.
1904
Panama Canal
85.3%
Suez Canal
5.5%
Channel Tunnel
1.2%
Statue of Liberty
6.5%
This British actress, known for her role in 'Breakfast at Tiffany's', is born.
1929
Audrey Hepburn
85.1%
Katharine Hepburn
8.8%
Bette Davis
1.6%
Marilyn Monroe
2.2%
Napoleon arrives on this island to begin his first exile.
1814
Elba
76.4%
Sardinia
5.3%
Majorca
3.3%
Corsica
14.2%
Four unarmed students are killed and nine others are wounded by members of the Ohio National Guard at this university during a Vietnam War protest.
1970
Kent State
70.2%
Ohio State
18.2%
Toledo
4.3%
Akron
4.1%
Pope Alexander VI uses a demarcation line to divide the Americas between these two empires.
1493
Spain & Portugal
48.5%
Spain & England
30.3%
France & England
16.2%
France & Italy
4.7%

You're not logged in!

Compare scores with friends on all Sporcle quizzes.
OR
Log In
Forgot?

From the Vault

VH1's Top 100 Love Songs

by jhc_phd09

Can love be described in 100 songs? Who knows. But it's pretty close.
Remove Ads.
Support Sporcle.
Get the best of Sporcle when you Go Orange. This ad-free experience offers more features, more stats, and more fun while also helping to support Sporcle. Thank you for becoming a member.

Show Comments

Extras

Top Quizzes Today


Score Distribution

Your Account Isn't Verified!

In order to create a playlist on Sporcle, you need to verify the email address you used during registration. Go to your Sporcle Settings to finish the process.

Report this User

Report this user for behavior that violates our Community Guidelines.

Details: